Mad house / (Record no. 13294)
[ view plain ]
| 000 -LEADER | |
|---|---|
| fixed length control field | 03803nam a22005297a 4500 |
| 001 - CONTROL NUMBER | |
| control field | B-266100-119 |
| 003 - CONTROL NUMBER IDENTIFIER | |
| control field | dpl |
| 005 - DATE AND TIME OF LATEST TRANSACTION | |
| control field | 20080605123125.0 |
| 008 - FIXED-LENGTH DATA ELEMENTS--GENERAL INFORMATION | |
| fixed length control field | 080530t xxu||||| |||| 00| 0 eng d |
| 020 ## - INTERNATIONAL STANDARD BOOK NUMBER | |
| International Standard Book Number | 8128616440 |
| Terms of availability | 145.00 |
| 035 ## - SYSTEM CONTROL NUMBER | |
| System control number | B-266100-119 |
| 040 ## - CATALOGING SOURCE | |
| Original cataloging agency | DPL |
| Language of cataloging | EN |
| 082 ## - DEWEY DECIMAL CLASSIFICATION NUMBER | |
| Classification number | N |
| 100 ## - MAIN ENTRY--PERSONAL NAME | |
| Personal name | Lobdell, Scott |
| 245 ## - TITLE STATEMENT | |
| Title | Mad house / |
| Statement of responsibility, etc | by Scott Lobdell [and] Daniel Rendon; based on the series by Franklin W. Dixon |
| 260 ## - PUBLICATION, DISTRIBUTION, ETC. (IMPRINT) | |
| Place of publication, distribution, etc | Mumbai |
| Name of publisher, distributor, etc | Euro Books |
| Date of publication, distribution, etc | 2005 |
| 270 ## - ADDRESS | |
| City | Mumbai |
| Address | Dani Corporate Park, 158, Vidyanagari Marg, Kalina, Santacruz (E) |
| Postal code | 400098 |
| 300 ## - PHYSICAL DESCRIPTION | |
| Extent | unpaged |
| Other physical details | col. ill. |
| Dimensions | 20 cm (Hb) |
| 490 ## - SERIES STATEMENT | |
| Series statement | The Hardy Boys |
| 700 ## - ADDED ENTRY--PERSONAL NAME | |
| Personal name | Rendon, Daniel |
| 700 ## - ADDED ENTRY--PERSONAL NAME | |
| Personal name | Dixon, Franklin W. |
| 700 ## - ADDED ENTRY--PERSONAL NAME | |
| Personal name | Henrique, Paulo |
| 700 ## - ADDED ENTRY--PERSONAL NAME | |
| Personal name | Dixon, Franklin W. |
| 942 ## - ADDED ENTRY ELEMENTS (KOHA) | |
| Source of classification or shelving scheme | Dewey Decimal Classification |
| Koha item type | Children Books |
| Classification part | S |
| Call number suffix | LOB |
| Withdrawn status | Lost status | Damaged status | Not for loan | Collection code | Home library | Current library | Date acquired | Cost, normal purchase price | Total Checkouts | Full call number | Barcode | Date last seen | Copy number | Cost, replacement price | Price effective from | Koha item type | Date checked out | Public note | Source of classification or shelving scheme | Source of acquisition | Total Renewals |
|---|---|---|---|---|---|---|---|---|---|---|---|---|---|---|---|---|---|---|---|---|---|
| Fiction | Andrews Gunj | Andrews Gunj | 18/07/2008 | 145.00 | N / LOB | B-266109 | 15/09/2008 | 1 | 145.00 | 15/09/2008 | Children Books | ||||||||||
| Written off | Fiction | Central Library | Central Library | 18/07/2008 | 145.00 | 1 | N / LOB | B-266105 | 03/11/2017 | 1 | 145.00 | 15/09/2008 | Children Books | 20/10/2017 | Written off on approval by DLB (By Circulation); dtd 15-06-2023 | ||||||
| Fiction | Jor Bagh (Children Lib) | Jor Bagh (Children Lib) | 18/07/2008 | 145.00 | N / LOB | B-266111 | 15/09/2008 | 1 | 145.00 | 15/09/2008 | Children Books | ||||||||||
| Fiction | Karol Bagh | Karol Bagh | 18/07/2008 | 145.00 | N / LOB | B-266113 | 15/09/2008 | 1 | 145.00 | 15/09/2008 | Children Books | ||||||||||
| Fiction | Mobile Library | Mobile Library | 17/07/2008 | 145.00 | N / LOB | B-266100 | 15/09/2008 | 4 | 145.00 | 15/09/2008 | Children Books | ||||||||||
| Fiction | Mobile Library | Mobile Library | 18/07/2008 | 145.00 | N / LOB | B-266101 | 15/09/2008 | 4 | 145.00 | 15/09/2008 | Children Books | ||||||||||
| Fiction | Mobile Library | Mobile Library | 18/07/2008 | 145.00 | N / LOB | B-266102 | 15/09/2008 | 4 | 145.00 | 15/09/2008 | Children Books | ||||||||||
| Fiction | Mobile Library | Mobile Library | 18/07/2008 | 145.00 | N / LOB | B-266103 | 15/09/2008 | 4 | 145.00 | 15/09/2008 | Children Books | ||||||||||
| Fiction | Netaji Nagar | Netaji Nagar | 18/07/2008 | 145.00 | N / LOB | B-266112 | 15/09/2008 | 1 | 145.00 | 15/09/2008 | Children Books | ||||||||||
| Fiction | New Police Line | New Police Line | 18/07/2008 | 145.00 | N / LOB | B-266104 | 15/09/2008 | 1 | 145.00 | 15/09/2008 | Children Books | ||||||||||
| Fiction | Patel Nagar | Patel Nagar | 18/07/2008 | 145.00 | N / LOB | B-266106 | 15/09/2008 | 1 | 145.00 | 15/09/2008 | Children Books | ||||||||||
| Fiction | R.C.Libraries (BL-IV) | R.C.Libraries (BL-IV) | 18/07/2008 | 145.00 | 1 | N / LOB | B-266117 | 10/06/2019 | 1 | 145.00 | 15/09/2008 | Children Books | 10/06/2019 | Dewey Decimal Classification | |||||||
| Fiction | R.C.Libraries (zls) | R.C.Libraries (zls) | 18/07/2008 | 145.00 | N / LOB | B-266118 | 15/09/2008 | 2 | 145.00 | 15/09/2008 | Children Books | ||||||||||
| Fiction | R.C.Libraries (zls) | R.C.Libraries (zls) | 18/07/2008 | 145.00 | N / LOB | B-266119 | 15/09/2008 | 2 | 145.00 | 15/09/2008 | Children Books | ||||||||||
| Fiction | R.K.Puram-8 | R.K.Puram-8 | 18/07/2008 | 145.00 | N / LOB | B-266108 | 15/09/2008 | 1 | 145.00 | 15/09/2008 | Children Books | ||||||||||
| Fiction | Sarojini Nagar | Sarojini Nagar | 18/07/2008 | 145.00 | N / LOB | B-266107 | 15/09/2008 | 1 | 145.00 | 15/09/2008 | Children Books | ||||||||||
| Fiction | Shahdara Branch | Shahdara Branch | 18/07/2008 | 145.00 | N / LOB | B-266114 | 15/09/2008 | 1 | 145.00 | 15/09/2008 | Children Books | ||||||||||
| Fiction | Sriniwas Puri | Sriniwas Puri | 18/07/2008 | 145.00 | N / LOB | B-266110 | 15/09/2008 | 1 | 145.00 | 15/09/2008 | Children Books | ||||||||||
| Fiction | Vigyan Vihar | Vigyan Vihar | 18/07/2008 | 145.00 | 1 | N / LOB | B-266116 | 30/09/2020 | 1 | 145.00 | 15/09/2008 | Children Books | 16/03/2020 | ||||||||
| Fiction | Vinoba Puri | Vinoba Puri | 04/09/2008 | 145.00 | 7 | S LOB | B-284697 | 17/11/2009 | 1 | 145.00 | 15/09/2008 | Children Books | 10/11/2009 | Blueberry/4571/19.8.08/192/21.7.08/19.8.08 | 1 | ||||||
| Fiction | Yojana Vihar | Yojana Vihar | 18/07/2008 | 145.00 | N / LOB | B-266115 | 15/09/2008 | 1 | 145.00 | 15/09/2008 | Children Books |
